书目信息 |
| 题名: |
韩国民事执行法
|
|
| 作者: | 姜大成 著 ;朴宗根 译 | |
| 分册: | ||
| 出版信息: | 北京 法律出版社 2010.11 |
|
| 页数: | 509页 | |
| 开本: | 21cm | |
| 丛书名: | 西北政法大学学术文库 | |
| 单 册: | ||
| 中图分类: | D931.2 | |
| 科图分类: | ||
| 主题词: | 民事诉讼--min shi su song--强制执行--研究--韩国 | |
| 电子资源: | ||
| ISBN: | 978-7-5118-1240-7 | |
| 000 | 01154nam 2200289 450 | |
| 001 | B00000098649 | |
| 005 | 20110712164647.23 | |
| 010 | @a978-7-5118-1240-7@dCNY36.00 | |
| 100 | @a20101229d2010 km y0chiy50 ea | |
| 101 | 1 | @achi@ckor |
| 102 | @aCN@b110000 | |
| 105 | @aa z 000yy | |
| 106 | @ar | |
| 200 | 1 | @a韩国民事执行法@Ahan guo min shi zhi xing fa@f姜大成著@g朴宗根译 |
| 210 | @a北京@c法律出版社@d2010.11 | |
| 215 | @a509页@d21cm | |
| 225 | 2 | @a西北政法大学学术文库@Axi bei zheng fa da xue xue shu wen ku@i民事诉讼法系列 |
| 330 | @a众所周知,民事执行作为维护民事权益的最后一道程序,担负着重要任务,是纠纷化解的最后一道屏障。如果不能保证这最后一道程序的顺利进行,当事人的权益将无法得到切实的保障,当事人和法院在诉讼阶段所做的一切努力都是徒劳的,最终使民事实体法的规定失去生命力。从这个角度上来看,民事执行程序的重要性非同一般。 | |
| 333 | @a一般读者 | |
| 410 | 0 | @12001 @a西北政法大学学术文库 |
| 586 | @a | |
| 606 | 0 | @a民事诉讼@Amin shi su song@x强制执行@x研究@y韩国 |
| 690 | @aD931.2@v5 | |
| 701 | 0 | @a姜大成@Ajiang da cheng@4著 |
| 702 | 0 | @a朴宗根@Apiao zong gen@4译 |
| 801 | 0 | @aCN@c20110610 |
| 905 | @dD931.2@eJ500@f3 | |
| 韩国民事执行法/姜大成著/朴宗根译.-北京:法律出版社,2010.11 |
| 509页;21cm.-(西北政法大学学术文库.民事诉讼法系列) |
| 使用对象:一般读者 |
| ISBN 978-7-5118-1240-7:CNY36.00 |
| 众所周知,民事执行作为维护民事权益的最后一道程序,担负着重要任务,是纠纷化解的最后一道屏障。如果不能保证这最后一道程序的顺利进行,当事人的权益将无法得到切实的保障,当事人和法院在诉讼阶段所做的一切努力都是徒劳的,最终使民事实体法的规定失去生命力。从这个角度上来看,民事执行程序的重要性非同一般。 |
| ● |
| 相关链接 |
|
|
|
正题名:韩国民事执行法
索取号:D931.2/J500
 
预约/预借
| 序号 | 登录号 | 条形码 | 馆藏地/架位号 | 状态 | 备注 |
| 1 | 882972 | 208829721 | 社科库509/509社科库 106排2列4层/ [索取号:D931.2/J500] | 在馆 | |
| 2 | 882973 | 208829730 | 社科库509/509社科库 106排2列4层/ [索取号:D931.2/J500] | 在馆 | |
| 3 | 882974 | 208829749 | 社科库509/509社科库 106排2列4层/ [索取号:D931.2/J500] | 在馆 |